000 00543nam a2200193 i 4500
001 bg
100 1 _aKOZŁOWIECKI, Henryk
245 0 _aŁożyska tłokowych silników spalinowych /
_cHenryk Kozłowiecki.
250 _aWyd.2 popr. i uzup.
260 _aWarszawa :
_bWydawnictwa Komunikacji i Łączności,
_c1982.
650 9 _aSilniki spalinowe
655 _aPodręczniki akademickie
020 _a8320602262
040 _cBPK
041 _apol
920 _a83-206-0226-2
942 _cKS
008 s pl f |000 0 pol
999 _c1772
_d1772
856 _uhttp://koha.tu.koszalin.pl/cgi-bin/koha/opac-detail.pl?biblionumber=1772
_yKatalog online BPK